000 01043nam a2200241Ia 4500
999 _c4892
_d4892
003 OSt
005 20200429152201.0
008 191128s2006 mx gr 000 0 spa d
020 _a9707018518
040 _aCO-JMCR
_cCO-JMCR
041 0 _aspa
082 0 4 _a304.82 /
_bG589s
100 1 _aGonzález Gutiérrez, Carlos,
_ecoordinador
_93673
245 0 _aRelaciones estado - diáspora :
_bla perspectiva de América Latina y el Caribe /
_cCarlos González Gutiérrez
250 _aPrimera edición
260 _aMéxico :
_bSecretaria de Relaciones exteriores : Instituto de los méxicanos en el exterior,
_c2006
300 _a378 páginas ;
_c23 cm.
505 _aMéxico -- América Latina y el Caribe
520 _aLa población que radica fuera de su país de origen es cada vez mayor. Su peso numérico ha generado que cada vez más, dichas comunidades se organicen para articular por sí mismas sus intereses.
650 1 4 _aMigración internacional
_93674
650 2 4 _aPolítica migratoria Seguridad
_93675
942 _2ddc
_cBK